ბათუმის შოთა რუსთაველის სახელმწიფო უნივერსიტეტის ბიბლიოთეკა

სატყეო მარკეტინგი (ბიბ.ჩანაწერი № 44469)

000 -LEADER
fixed length control field 00753nam a2200229Ia 4500
001 - CONTROL NUMBER
control field 11239
003 - CONTROL NUMBER IDENTIFIER
control field GE_BSU
008 - FIXED-LENGTH DATA ELEMENTS--GENERAL INFORMATION
fixed length control field 181216s||||||||xx |||||||||||||| ||und||
040 ## - CATALOGING SOURCE
Transcribing agency GE_BSU
080 ## - UNIVERSAL DECIMAL CLASSIFICATION NUMBER
Universal Decimal Classification number 630(075.8)
100 ## - MAIN ENTRY--PERSONAL NAME
Personal name კანდელაკი თეიმურაზ
245 ## - TITLE STATEMENT
Title სატყეო მარკეტინგი
245 ## - TITLE STATEMENT
Remainder of title სახელმძღვ. სატყეო სპეც. სტუდენტებისათვის
245 ## - TITLE STATEMENT
Statement of responsibility, etc. რედ: გივი ჯაფარიძე
260 ## - PUBLICATION, DISTRIBUTION, ETC.
Place of publication, distribution, etc. თბილისი.
260 ## - PUBLICATION, DISTRIBUTION, ETC.
Name of publisher, distributor, etc. /გ.გ./
260 ## - PUBLICATION, DISTRIBUTION, ETC.
Date of publication, distribution, etc. 2010
300 ## - PHYSICAL DESCRIPTION
Extent 283გვ.21სმ.
653 ## - INDEX TERM--UNCONTROLLED
Uncontrolled term სატყეო მარკეტინგი
942 ## - ADDED ENTRY ELEMENTS (KOHA)
Koha item type წიგნი

არაა ხელმისაწვდომი ეგზემპლარები.